[Event "Bogota rapid op"]
[Site "Bogota"]
[Date "2024.09.01"]
[Round "4"]
[White "Intencipa Acosta, Fabian Armando"]
[Black "Gutierrez Segura, Maria Jose"]
[Result "1-0"]
[WhiteElo "1769"]
[BlackElo "1408"]
[PlyCount "71"]
[EventDate "2024.09.01"]
[EventType "swiss (rapid)"]
[EventRounds "7"]
[EventCountry "COL"]
[SourceTitle "EXT 2025"]
[Source "ChessBase"]
[SourceDate "2024.10.14"]
[SourceVersion "1"]
[SourceVersionDate "2024.10.14"]
[SourceQuality "1"]

1. e4 e5 2. Nf3 Nc6 3. d4 Nf6 4. dxe5 Nxe4 5. Qd5 Nc5 6. Bc4 Ne6 7. 0-0 Bc5 8. Nc3 0-0 9. Ne4 Nb4 10. Qd2 c6 11. Bxe6 dxe6 12. Nxc5 Qxd2 13. Bxd2 b6 14. Bxb4 bxc5 15. Bxc5 Rd8 16. Rad1 Ba6 17. Rfe1 Rxd1 18. Rxd1 Be2 19. Rd7 h6 20. Nd4 Bg4 21. Nxc6 f6 22. h3 Bf5 23. Nd4 Be4 24. Bd6 fxe5 25. Bxe5 Rc8 26. c3 Rc5 27. Rxg7+ Kf8 28. Nxe6+ Ke8 29. Nxc5 Bd5 30. Rxa7 h5 31. g4 hxg4 32. hxg4 Kf8 33. g5 Kg8 34. g6 Bc6 35. Rc7 Bf3 36. Rc8# 1-0

[Event "Bogota rapid op"]
[Site "Bogota"]
[Date "2024.09.01"]
[Round "5"]
[White "Salcedo Carrillo, Camilo Steven"]
[Black "Intencipa Acosta, Fabian Armando"]
[Result "0-1"]
[WhiteElo "1850"]
[BlackElo "1769"]
[PlyCount "92"]
[EventDate "2024.09.01"]
[EventType "swiss (rapid)"]
[EventRounds "7"]
[EventCountry "COL"]
[SourceTitle "EXT 2025"]
[Source "ChessBase"]
[SourceDate "2024.10.14"]
[SourceVersion "1"]
[SourceVersionDate "2024.10.14"]
[SourceQuality "1"]

1. d4 d5 2. Nf3 Bg4 3. Nbd2 f5 4. h3 Bh5 5. e3 e6 6. Be2 Bd6 7. b3 Nf6 8. Bb2 Nbd7 9. c4 c6 10. Ng5 Bxe2 11. Qxe2 Qe7 12. Ngf3 0-0 13. Ne5 Ne4 14. Ndf3 f4 15. 0-0 fxe3 16. Qxe3 Rae8 17. Rac1 Rf6 18. Rc2 Nf8 19. Ng4 Rf5 20. Nge5 Ng6 21. Nxg6 hxg6 22. Ne5 g5 23. g3 Qf6 24. f4 Qh6 25. Rh2 Ref8 26. Bc1 c5 27. Ng4 Qg6 28. Bb2 gxf4 29. gxf4 Bxf4 30. Rxf4 Rxf4 31. Rg2 Qh5 32. dxc5 Rf1+ 33. Kh2 R1f3 34. Nh6+ Kh8 35. Bxg7+ Kh7 36. Bxf8 Qxh3+ 37. Kg1 Rxe3 38. Rg7+ Kxh6 39. Rg3+ Kh5 40. Rxh3+ Rxh3 41. cxd5 exd5 42. Kg2 Rc3 43. b4 Rc2+ 44. Kf3 Rxa2 45. Kf4 Rf2+ 46. Ke5 Rxf8 0-1

[Event "Bogota Empresas op"]
[Site "Bogota"]
[Date "2024.05.19"]
[Round "6"]
[White "Chaucanes, Lina Marcela"]
[Black "Intencipa Acosta, Fabian Armando"]
[Result "1/2-1/2"]
[WhiteElo "1971"]
[BlackElo "1793"]
[PlyCount "129"]
[EventDate "2024.05.19"]
[EventType "swiss"]
[EventRounds "7"]
[EventCountry "COL"]
[SourceTitle "CBM 220 Extra"]
[Source "ChessBase"]
[SourceDate "2024.07.31"]
[SourceVersion "1"]
[SourceVersionDate "2024.07.31"]
[SourceQuality "1"]

1. e4 d5 2. exd5 Qxd5 3. d4 c6 4. c4 Qa5+ 5. Nc3 Nf6 6. Nf3 Bg4 7. Be2 Nbd7 8. 0-0 e6 9. h3 Bh5 10. Bf4 Be7 11. a3 0-0 12. b4 Qd8 13. Qb3 b6 14. Rfd1 Qc8 15. Rac1 c5 16. d5 exd5 17. cxd5 Re8 18. Nb5 Bf8 19. Re1 Re4 20. Bg3 a6 21. Nd6 Bxd6 22. Bxd6 Qe8 23. Kf1 cxb4 24. Bxb4 Qb8 25. Kg1 a5 26. Bc3 Nc5 27. Qa2 Qd6 28. Red1 Rae8 29. Bb5 R8e7 30. Re1 Bxf3 31. gxf3 Rxe1+ 32. Rxe1 Rxe1+ 33. Bxe1 Qe5 34. Qd2 h6 35. d6 Ncd7 36. Bxd7 Nxd7 37. Qd1 Qg5+ 38. Kf1 Qb5+ 39. Kg2 Qg5+ 40. Kh1 Qf5 41. Kh2 Kf8 42. Bc3 Qc5 43. Qd4 Qxd4 44. Bxd4 f6 45. Be3 g5 46. a4 Kf7 47. Kg3 h5 48. f4 Ke6 49. fxg5 fxg5 50. Bxg5 Kxd6 51. Kh4 Nc5 52. Kxh5 Nxa4 53. Kg6 Nc5 54. Bd8 Nd7 55. Kf7 a4 56. Be7+ Ke5 57. Bb4 Kf5 58. h4 Kg4 59. Ke6 Nc5+ 60. Kd5 Nd3 61. Ba3 Nxf2 62. Kc6 Kxh4 63. Kxb6 Nd3 64. Ka5 Ne5 65. Kxa4 1/2-1/2

[Event "Calle rapid op"]
[Site "Calle"]
[Date "2024.03.10"]
[Round "4"]
[White "Intencipa Acosta, Fabian Armando"]
[Black "Guevara Garcia, Samuel Alejandro"]
[Result "1-0"]
[WhiteElo "1801"]
[BlackElo "1535"]
[PlyCount "51"]
[EventDate "2024.03.10"]
[EventType "swiss (rapid)"]
[EventRounds "6"]
[EventCountry "COL"]
[SourceTitle "CBM 219 Extra"]
[Source "ChessBase"]
[SourceDate "2024.05.31"]
[SourceVersion "1"]
[SourceVersionDate "2024.05.31"]
[SourceQuality "1"]

1. e4 e5 2. Nf3 Nc6 3. d4 Bd6 4. Bc4 Nf6 5. 0-0 Nxe4 6. Re1 Nf6 7. dxe5 Na5 8. exd6+ Kf8 9. Bd3 cxd6 10. Bg5 h6 11. Bh4 b6 12. Nc3 Bb7 13. Be4 Nc6 14. Qxd6+ Kg8 15. Bd3 g5 16. Bg3 Ne8 17. Qd5 Rb8 18. Ne5 Qf6 19. Nxd7 Qg7 20. Nxb8 Na5 21. Rxe8+ Qf8 22. Rxf8+ Kxf8 23. Qd8+ Kg7 24. Be5+ f6 25. Qxf6+ Kg8 26. Qg7# 1-0

[Event "Soacha op-B"]
[Site "Soacha"]
[Date "2021.09.11"]
[Round "7"]
[White "Intencipa Acosta, Fabian Armando"]
[Black "Arandia la Rosa, Eduardo Jose"]
[Result "0-1"]
[WhiteElo "1568"]
[BlackElo "1962"]
[PlyCount "82"]
[EventDate "2021.09.08"]
[EventType "swiss"]
[EventRounds "9"]
[EventCountry "COL"]
[SourceTitle "CBM 204 Extra"]
[Source "ChessBase"]
[SourceDate "2021.11.30"]
[SourceVersion "1"]
[SourceVersionDate "2021.11.30"]
[SourceQuality "1"]

1. e4 e5 2. Nf3 d6 3. d4 exd4 4. Nxd4 Nf6 5. Nc3 a6 6. Bg5 Be7 7. Bd3 h6 8. Bd2 Nbd7 9. f4 Nc5 10. 0-0 Nxd3 11. cxd3 c5 12. Nc2 0-0 13. Kh1 b5 14. Ne3 Be6 15. Ncd5 Nxd5 16. Nxd5 b4 17. Ne3 Bd7 18. f5 Bb5 19. Qc2 Rc8 20. Nc4 d5 21. exd5 Qxd5 22. Rf3 Bf6 23. Bf4 Rcd8 24. Rb1 Bxc4 25. dxc4 Qd4 26. Be3 Qd3 27. Qxd3 Rxd3 28. Bxc5 Rxf3 29. gxf3 Rc8 30. Bxb4 Rxc4 31. Bd6 Rc2 32. b4 Rxa2 33. Re1 Rd2 34. Bc5 Kh7 35. Re8 Ra2 36. Ra8 Be5 37. Ra7 Rxh2+ 38. Kg1 Ra2 39. Rxf7 h5 40. Re7 Bf6 41. Ra7 h4 0-1

[Event "Sopo Region-ch"]
[Site "Sopo"]
[Date "2021.07.24"]
[Round "3"]
[White "Intencipa Acosta, Fabian Armando"]
[Black "Hernandez Jimenez, Jeronimo"]
[Result "0-1"]
[WhiteElo "1550"]
[BlackElo "2075"]
[PlyCount "90"]
[EventDate "2021.07.24"]
[EventType "swiss"]
[EventRounds "5"]
[EventCountry "COL"]
[SourceTitle "EXT 2022"]
[Source "ChessBase"]
[SourceDate "2021.10.06"]
[SourceVersion "1"]
[SourceVersionDate "2021.10.06"]
[SourceQuality "1"]

1. e4 c6 2. d4 d5 3. e5 Bf5 4. g4 Be4 5. f3 Bg6 6. h4 h5 7. e6 Qd6 8. exf7+ Bxf7 9. Be3 hxg4 10. fxg4 e5 11. Nf3 exd4 12. Nxd4 Nf6 13. Nd2 Nbd7 14. Nf5 Qb4 15. Be2 g6 16. Nd4 Bd6 17. Rh3 Rxh4 18. a3 Qxb2 19. Rxh4 Bg3+ 20. Kf1 Bxh4 21. N2b3 Ne4 22. Bd3 Ne5 23. Ne2 Nxg4 24. Bd4 Qxd4 25. Nbxd4 Ne3+ 26. Kg1 Bf2+ 27. Kh2 Nxd1 28. Rxd1 Nc3 29. Rf1 Nxe2 30. Nxe2 Bc5 31. a4 Ke7 32. Nf4 Bd6 33. Kg2 Rg8 34. Re1+ Kd7 35. Ne2 c5 36. Ng1 c4 37. Be2 Re8 38. Rf1 Be6 39. Bf3 g5 40. Rd1 Kc6 41. Re1 Bh3+ 42. Nxh3 Rxe1 43. Nxg5 Rc1 44. Ne6 Rxc2+ 45. Kf1 Bc5 0-1

[Event "Sopo Region-ch"]
[Site "Sopo"]
[Date "2021.07.24"]
[Round "1"]
[White "Intencipa Acosta, Fabian Armando"]
[Black "Torres, Jaime Alberto"]
[Result "0-1"]
[WhiteElo "1550"]
[BlackElo "1974"]
[PlyCount "66"]
[EventDate "2021.07.24"]
[EventType "swiss"]
[EventRounds "5"]
[EventCountry "COL"]
[SourceTitle "EXT 2022"]
[Source "ChessBase"]
[SourceDate "2021.10.06"]
[SourceVersion "1"]
[SourceVersionDate "2021.10.06"]
[SourceQuality "1"]

1. e4 c5 2. Nc3 Nc6 3. f4 d6 4. Nf3 Bg4 5. Bb5 a6 6. Bxc6+ bxc6 7. d3 Nf6 8. 0-0 g6 9. Qe1 Bxf3 10. Rxf3 Bg7 11. Rb1 0-0 12. Na4 Rb8 13. c4 Nd7 14. b3 Nb6 15. Nxb6 Qxb6 16. Bd2 Bd4+ 17. Kh1 e6 18. f5 exf5 19. exf5 Qd8 20. Bh6 Re8 21. Qg3 Qe7 22. Rbf1 Rb7 23. f6 Qe5 24. Qh4 d5 25. Bd2 Qh5 26. Qxh5 gxh5 27. Re1 Rxe1+ 28. Bxe1 h6 29. Bd2 Kh7 30. Be3 dxc4 31. dxc4 Rd7 32. Kg1 Kg6 33. Bxd4 cxd4 0-1

[Event "COL-ch Amateur U1700"]
[Site "Paipa"]
[Date "2020.02.28"]
[Round "5"]
[White "Intencipa Acosta, Fabian Armando"]
[Black "Centanaro Erazo, Nicolle Daniela"]
[Result "1-0"]
[WhiteElo "1514"]
[BlackElo "1376"]
[PlyCount "66"]
[EventDate "2020.02.26"]
[EventType "swiss"]
[EventRounds "9"]
[EventCountry "COL"]
[SourceTitle "EXT 2021"]
[Source "ChessBase"]
[SourceDate "2020.10.23"]
[SourceVersion "1"]
[SourceVersionDate "2020.10.23"]
[SourceQuality "1"]

1. e4 e5 2. Nf3 Nc6 3. d4 exd4 4. Bc4 Nf6 5. e5 Ng4 6. 0-0 d6 7. exd6 Bxd6 8. Re1+ Kf8 9. h3 Nge5 10. Bb3 Qf6 11. Nbd2 Bb4 12. Nxe5 Nxe5 13. Ne4 Qg6 14. Re3 Bd7 15. Qxd4 Bd6 16. Nxd6 Bxh3 17. Rxh3 Qxd6 18. Qxd6+ cxd6 19. Bd2 Ke7 20. Re1 Kd7 21. Bc3 f6 22. Rg3 g6 23. f4 Nc6 24. Bxf6 Rhf8 25. Bg5 Rae8 26. Rge3 Rxe3 27. Rxe3 a6 28. Bh6 Re8 29. Rxe8 Kxe8 30. Bd5 Kd7 31. Bg8 Nd4 32. Bxh7 Nxc2 33. Bxg6 Ne3 1-0

[Event "COL-ch Amateur U1700"]
[Site "Paipa"]
[Date "2020.02.27"]
[Round "3"]
[White "Intencipa Acosta, Fabian Armando"]
[Black "Quevedo Bonilla, Paula Thaliana"]
[Result "1-0"]
[WhiteElo "1514"]
[BlackElo "1332"]
[PlyCount "65"]
[EventDate "2020.02.26"]
[EventType "swiss"]
[EventRounds "9"]
[EventCountry "COL"]
[SourceTitle "EXT 2021"]
[Source "ChessBase"]
[SourceDate "2020.10.23"]
[SourceVersion "1"]
[SourceVersionDate "2020.10.23"]
[SourceQuality "1"]

1. e4 e5 2. Nf3 Nc6 3. d4 exd4 4. Bc4 Bc5 5. c3 dxc3 6. Bxf7+ Kxf7 7. Qd5+ Ke8 8. Qh5+ g6 9. Qxc5 cxb2 10. Bxb2 d6 11. Qc3 Qf6 12. Qxf6 Nxf6 13. Bxf6 Rf8 14. Bg7 Rf7 15. Bc3 Re7 16. Nbd2 d5 17. Bf6 Re6 18. e5 Nb4 19. 0-0 b6 20. Ng5 Rc6 21. Nxh7 Rc2 22. Nf3 Ba6 23. Rfd1 Nd3 24. Nd4 Rb2 25. Bh4 Nxe5 26. Re1 Kd7 27. Rxe5 Kd6 28. Re6+ Kc5 29. Rc1+ Kxd4 30. Bf6+ Kd3 31. Bxb2 Kd2 32. Ng5 Bd3 33. Nf3# 1-0